000 01225naa a2200325 c 4500
001 50094
999 _c50094
_d50094
003 ES-MaCES
005 20171018121009.0
008 171018s2017 sp ||||| t||||||| ||spa d
040 _aES-MaCES
_bspa
_cES-MaCES
_dES-MaCES
100 _938435
_aRomero Ródenas, Josefa
245 1 3 _aLa garantía juvenil
_b: el difícil camino de la inserción laboral juvenil
_cJosefa Romero Ródenas, Juan Luís García Rios
500 _aResumen
504 _aBibliografía: p. 161-162
650 4 _928522
_ajuventud
650 4 _929982
_aempleo de jóvenes
650 4 _928292
_amercado de trabajo
650 4 _928308
_adesempleo
650 4 _928300
_apolítica de empleo
650 4 _930270
_afomento del empleo
650 4 _929076
_aprotección social
650 4 _929942
_ainserción profesional
650 4 _930776
_apolítica comunitaria
650 4 _926752
_aUE
653 1 0 _aEmpleo
700 1 _937450
_aGarcía Ríos, Juan Luis
773 0 _986492
_dMadrid (Ignacio Ellacuría, 3, 28017) Civitas
_o089389
_tNueva revista española de Derecho del trabajo
_w(ES-MaCES)25060
_gn. 199 (jun. 2017) {10040 R. 089389} ;p. 135-162
902 _aART Artículo de revista
942 _2CES
_cAR
_h2.0.